| 000 | 00812nam a2200277Ia 4500 | ||
|---|---|---|---|
| 001 | Z_4765 | ||
| 003 | CHAP | ||
| 008 | 220113s1996 xx 000 0 und d | ||
| 010 | _a167816 | ||
| 040 | _cCHAP | ||
| 090 | _aTesis S 1172 | ||
| 100 |
_aSánchez Velázquez, German _9107907 |
||
| 245 |
_aDiseño y equipamiento de instalaciones cunícolas / _cpor German Sánchez Velázquez y Alejandro Vaquero Vera |
||
| 260 |
_aChapingo, Méx. : _bEl autor, _c1996 |
||
| 300 | _a121 p. | ||
| 440 | _a | ||
| 502 | _aTesis (Ing. Agr. Esp. en Zootecnia) -- UACH. Departamento de Zootecnia | ||
| 503 | _a | ||
| 650 |
_aConejos _xJaulas y equipos I. Z. II. t. III. Vaquero Vera, Alejandro _9142095 |
||
| 901 | _aTesis S 1172 | ||
| 902 | _aA | ||
| 910 | _a1996 | ||
| 942 | _c2 | ||
| 942 | _c2 | ||
| 999 |
_c167816 _d167816 |
||